Wilamowice und die deutschen Sprachinseln in Oberschlesien

Titel: Wilamowice und die deutschen Sprachinseln in Oberschlesien
Verfasser:
In: Tausend Jahre polnisch-deutsche Beziehungen, (2001), Seite 338-347
alle Artikel anzeigen
Veröffentlicht: 2001
Format: Aufsatz
Sprache: Deutsch
Kein Bild verfügbar
X
alg: 17490841
001A    $04505:14-03-06 
001B    $01999:22-11-19 $t22:29:09.000 
001D    $04505:14-03-06 
001U    $0utf8 
001X    $00 
002@    $0Aox 
003@    $0174908415 
007A    $0174908415 $aHEB 
007I    $0BLLt144561 
010@    $ager 
011@    $a2001 
021A    $aWilamowice und die deutschen Sprachinseln in Oberschlesien 
028A    $#Lasatowicz, Maria K. $7121115534 $8Lasatowicz, Maria Katarzyna$Z1951- [Tp1] $9152564454 
031A    $h338-347 $j2001 
039B    $aIn $8--Aau--. Tausend Jahre polnisch-deutsche Beziehungen. - Wydanie pierwsze. - Warszawa : Graf-Punkt, 2001. - 1008 S.. - Ill., graph. Darst., Kt.. - ISBN 83-87988-87-1 $x200100000000000662 $9103212566 
045W    $801.01.01.009.03.03$jSchlesisch [Tkv] $9133070328 
045W    $803.16$jSprachkontakt/Bilingualismus [Tkv] $9133071332 
045W    $803.16.02.004$jSprachisolierung [Tkv] $9133123758 
046M    $a16 Literaturangaben 

lok: 17490841 64

exp: 17490841 64 1 #EPN
201B/01 $014-03-06 $t03:31:55.000 
203@/01 $0370619307 
208@/01 $a09-03-06 $be 
209A/01 $a0 $f000 $x00 
209B/01 $a99 $x05 
247C/01 $8Frankfurt, Bibliographie Linguistischer Literatur $9129368261 
201U/01 $0utf8 

lok: 17490841 78

exp: 17490841 78 1 #EPN
201B/01 $022-11-19 $t08:37:15.000 
201C/01 $022-11-19 
201U/01 $0utf8 
203@/01 $01070733032 
208@/01 $a22-11-19 $be 
209A/01 $a/ $f000 $x00 
209A/01 $ab*p $x01 
220C/01 $apgar 
244Z/01 $#Generalgouvernement Polen $#Polska $#Rzeczpospolita Polska $#Polska Rzeczpospolita Ludowa $#Poland $#Pologne $#République Polonaise $#Generalne Gubernatorstwo w Polsce $#Polish People's Republic $#Polska Rzeczpospolita Polen $#PRL $#RP $#Polen Generalgouvernement $#Polska Generalgouvernement $#Besetzte Polnische Gebiete $#Besetztes Gebiet in Polen $#Okupowane Polskie Obszary $#Obszary Okupowane w Polsce $#Volksrepublik Polen $#Polska Rosyjska $#Republic Polen $#Respublika Pol'ša $#Pol'skaja Narodnaja Respublika $#République de Pologne $#Polen Links der Weichsel $#Polska po Lewej Stronie Wisły $#Lenkija $#Polija $#Gubernija Carstva Pol'skago $#Republik Polen $74046496-9 $8--Tg1--Polen $x01 $9085129801 
247C/01 $82080>Marburg/Lahn, Herder-Institut, Forschungsbibliothek, Bibliographieportal $9336309341
LEADER 00000caa a22000002c 4500
001 174908415
003 DE-603
005 20191122222909.0
007 tu
008 060314s2001 xx |||| | u00||u|ger c
035 |a (DE-599)HEB174908415 
040 |a DE-603  |b ger  |c DE-603  |d DE-603 
041 |a ger 
100 1 |a Lasatowicz, Maria Katarzyna  |d 1951-  |0 (DE-603)152564454  |0 (DE-588)121115534  |2 gnd 
245 0 0 |a Wilamowice und die deutschen Sprachinseln in Oberschlesien 
264 0 |c 2001 
500 |a 16 Literaturangaben 
773 0 8 |i In  |t Tausend Jahre polnisch-deutsche Beziehungen  |b Wydanie pierwsze  |d Warszawa : Graf-Punkt, 2001  |h 1008 S., Ill., graph. Darst., Kt.  |z 8387988871  |g (2001), Seite 338-347  |w (DE-603)103212566 
924 0 |9 603  |a (DE-603)370619307  |b DE-603  |c HES  |d d 
924 0 |9 2080  |a (DE-603)1070733032  |b DE-2080  |c HES  |d d  |g /